| Tag |
First Indicator |
Second Indicator |
Subfields |
| LEADER |
00000cam a2200000 i 4500 |
| 001 |
in00000068395 |
| 005 |
20151008052001.0 |
| 008 |
800429s1846 enk 00010 eng d |
| 035 |
|
|
|a (OCoLC)06261557
|
| 035 |
|
|
|9 AAH1070AM
|
| 040 |
|
|
|a SUC
|c SUC
|d TXA
|d UtOrBLW
|
| 041 |
1 |
|
|a eng
|a fre
|
| 049 |
|
|
|a TXAM
|c [195092]
|
| 090 |
|
|
|a HB161
|b .B37 1846
|
| 092 |
|
|
|a 337.1
|b B326p
|
| 100 |
1 |
|
|a Bastiat, Frédéric,
|d 1801-1850.
|
| 245 |
1 |
0 |
|a Popular fallacies regarding general interests /
|c being a translation of the "Sophismes Economiques," by M. Frederic Bastiat ; with notes by G. R. Porter.
|
| 264 |
|
1 |
|a London :
|b J. Murray,
|c 1846.
|
| 300 |
|
|
|a xi, 164 pages ;
|c 17 cm.
|
| 336 |
|
|
|a text
|b txt
|2 rdacontent
|
| 337 |
|
|
|a unmediated
|b n
|2 rdamedia
|
| 338 |
|
|
|a volume
|b nc
|2 rdacarrier
|
| 650 |
|
0 |
|a Free trade.
|
| 700 |
1 |
|
|a Porter, George Richardson,
|d 1792-1852.
|
| 999 |
|
|
|a MARS
|
| 999 |
f |
f |
|s 364f7d09-cc8b-365d-8346-473f7b8c2480
|i 43fa7867-1b0c-35a8-a30d-0e6675d424d4
|t 0
|
| 952 |
f |
f |
|p normal
|a Texas A&M University
|b College Station
|c Sterling C. Evans Library
|d Evans: Library Stacks
|t 0
|e HB161 .B37 1846
|h Library of Congress classification
|i unmediated -- volume
|m A14800753325
|
| 998 |
f |
f |
|a HB161 .B37 1846
|t 0
|l Evans: Library Stacks
|